000 00653nam a2200217Ia 4500
003 GCL
008 140319s9999 xx 000 0 ara d
040 _aGCL /
_cGCL
082 0 4 _a701.18
_bف ب
100 1 _aفتح الباب عبدالحليم سيد
245 1 0 _aالبحث فى الفن والتربية الفنية /
_cفتح الباب عبدالحليم سيد
260 _a[S.N] :
_bعالم الكتب الحديث ،
_c1983
300 _a233 ص
490 _a
650 0 4 _aفلسفة
650 0 4 _aالفن
650 0 4 _aالتربية الفنية
650 0 4 _aمناهج
650 0 4 _aتاريخ ونقد
942 _2ddc
_cBK
999 _c32982
_d32982